| 000 -LEADER |
| fixed length control field |
01154pab a2200157 454500 |
| 008 - FIXED-LENGTH DATA ELEMENTS--GENERAL INFORMATION |
| fixed length control field |
180718b2000 xxu||||| |||| 00| 0 eng d |
| 100 ## - MAIN ENTRY--PERSONAL NAME |
| Personal name |
Ravallion, Martin |
| 245 ## - TITLE STATEMENT |
| Title |
Monitoring targeting performance when decentralized allocations to the poor are unobserved |
| 260 ## - PUBLICATION, DISTRIBUTION, ETC. |
| Date of publication, distribution, etc. |
2000 |
| 300 ## - PHYSICAL DESCRIPTION |
| Extent |
p.331-45 |
| 362 ## - DATES OF PUBLICATION AND/OR SEQUENTIAL DESIGNATION |
| Dates of publication and/or sequential designation |
May |
| 520 ## - SUMMARY, ETC. |
| Summary, etc. |
How can a central government monitor the performance of a decentralaized poverty program when the incidence of the program's benefits is unobserved at the local level? This article shows that, using a poverty map and the corresponding spending allocation across geographic areas, one can identify the latent differences in mean program allocations to the poor and the nonpoor. The national measure of targeting performance can also be decomposed into subgroups. An application to an antipoverty program in Argentina is used to assess the program's performance before and after reforms. Increases in funding and changes in program design brought large gains to the poor, although performance differed across provinces. - Reproduced |
| 650 ## - SUBJECT ADDED ENTRY--TOPICAL TERM |
| Topical term or geographic name entry element |
Poverty |
| 773 ## - HOST ITEM ENTRY |
| Main entry heading |
World Bank Economic Review |
| 909 ## - |
| -- |
47433 |